Estudios de fauna silvestre en ecosistemas acuáticos en la Orinoquía colombiana / (Registro nro. 7674)

Detalles MARC
000 -CABECERA
Campo de control 01834nam a22004217a 4500
005 - FECHA Y HORA DE LA ULTIMA TRANSACCION
Campo de control 20200104041620.0
008 - ELEMENTOS DE LONGITUD FIJA—INFORMACION GENERAL
Campo de control 081217s2004 ck a gr 00010dspa d
020 ## - ISBN
ISBN 9586837351
040 ## - FUENTE DE CATALOGACIÓN
Agencia catalogadora original CO-BoIAVH
Agencia transcriptora CO-BoIAVH
041 0# - IDIOMA
Código de idioma para texto/pista de sonido o título separado Español
044 ## - PAÍS DE PUBLICACIÓN
País de publicación Colombia
082 04 - NUMERO DE CLASIFICACION DECIMAL DEWEY
Número de clasificación 591.76
Número del ítem D54f
100 1# - ASIENTO PRINCIPAL--NOMBRE PERSONAL
Nombre personal Diazgranados, María Claudia
Término relacionado autora
-- editora
9 (RLIN) 64147
245 10 - MENCION DE TITULO
Título Estudios de fauna silvestre en ecosistemas acuáticos en la Orinoquía colombiana /
Mención de responsabilidad Fernando Trujillo ... [et al.].
246 ## - FORMA VARIANTE DEL TITULO
Título propiamente dicho/forma breve del título Fauna acuática en la Orinoquía colombiana
260 3# - PUBLICACION, DISTRIBUCION, ETC. (PIE DE IMPRENTA)
Lugar de publicación, distribución, etc. Bogotá :
Nombre del editor, distribuidor, etc. Pontificia Universidad Javeriana. Facultad de Estudios Ambientales y Rurales. Instituto de Estudios Ambientales para el Desarrollo. Departamento de Ecología y Territorio,
Fecha de publicación, distribución, etc. 2004.
300 ## - DESCRIPCION FISICA
Extensión 403 páginas ;
Otros detalles físicos ilustraciones ;
Dimensiones 24 x 17 centímetros
490 0# - MENCION DE SERIE
Mención de serie Serie investigación ;
Designación numérica/secuencial del volumen 6
504 ## - NOTA DE BIBLIOGRAFIA, ETC.
Nota de bibliografía Incluye referencias bibliográficas.
650 #6 - ASIENTO SECUNDARIO DE MATERIA - TERMINO TEMATICO
Término temático o nombre geográfico como elemento de entrada Animales acuáticos
Subdivisión geográfica Orinoquía (Región, Colombia)
9 (RLIN) 64148
650 #6 - ASIENTO SECUNDARIO DE MATERIA - TERMINO TEMATICO
Término temático o nombre geográfico como elemento de entrada Animales acuáticos
Subdivisión general Hábitos y conducta.
9 (RLIN) 64149
700 1# - ASIENTO SECUNDARIO - NOMBRE PERSONAL
Nombre personal Trujillo, Fernando.
Término de relación autor
-- editor
9 (RLIN) 366
700 1# - ASIENTO SECUNDARIO - NOMBRE PERSONAL
Nombre personal Fuentes, Libia
Término de relación autora
9 (RLIN) 21861
700 1# - ASIENTO SECUNDARIO - NOMBRE PERSONAL
Nombre personal Llanos , Yamhile
Término de relación autora
9 (RLIN) 21862
700 1# - ASIENTO SECUNDARIO - NOMBRE PERSONAL
Nombre personal Martínez, Jimena
Término de relación autora
9 (RLIN) 21863
700 1# - ASIENTO SECUNDARIO - NOMBRE PERSONAL
Nombre personal Casteblanco, Delma Nataly
Término de relación autora
9 (RLIN) 21864
700 1# - ASIENTO SECUNDARIO - NOMBRE PERSONAL
Nombre personal Bermúdez, Ana Lucía
Término de relación autora
9 (RLIN) 21865
700 1# - ASIENTO SECUNDARIO - NOMBRE PERSONAL
Nombre personal Carrasquilla, María Cristina
Término de relación autora
9 (RLIN) 64146
700 1# - ASIENTO SECUNDARIO - NOMBRE PERSONAL
Nombre personal Gómez, Juan Ricardo
Término de relación autor
9 (RLIN) 12548
700 1# - ASIENTO SECUNDARIO - NOMBRE PERSONAL
Nombre personal Ríos , Martín
Término de relación autor
9 (RLIN) 21867
700 1# - ASIENTO SECUNDARIO - NOMBRE PERSONAL
Nombre personal Martínez, Ana María
Término de relación autora
9 (RLIN) 21868
700 1# - ASIENTO SECUNDARIO - NOMBRE PERSONAL
Nombre personal Álvarez León, Ricardo
Término de relación autor
9 (RLIN) 1884
700 1# - ASIENTO SECUNDARIO - NOMBRE PERSONAL
Nombre personal Lacambra, Carmen
Término de relación autor
9 (RLIN) 21869
700 1# - ASIENTO SECUNDARIO - NOMBRE PERSONAL
Nombre personal Pinilla, Gabriel
Término de relación autor
9 (RLIN) 21870
700 1# - ASIENTO SECUNDARIO - NOMBRE PERSONAL
Nombre personal Maldonado, Javier
Término de relación autor
9 (RLIN) 21871
700 1# - ASIENTO SECUNDARIO - NOMBRE PERSONAL
Nombre personal Bravo, Gustavo
Término de relación autor
9 (RLIN) 4760
942 ## - ELEMENTOS ADICIONALES (KOHA)
Sistema de clasificación Dewey Decimal Classification
Tipo de ítem Libro
Existencias
Withdrawn status Lost status Sistema de Clasificación Damaged status No para préstamo Colección Inventariado Ubicación Permanente Ubicación actual Fecha de adquisición Fuente de Valor Valor Total Checkouts Número topográfico Inventario / Código de Barras Date last seen Ejemplar Price effective from Forma de adquisición Tipo de material Date checked out
    Dewey Decimal Classification     General Inventariado 2017 Bogotá Bogotá 22/03/2005 Instituto 15000.00   LB-591.76 D54f 017589 17/04/2013 Ej. 3 04/12/2012   Libro  
    Dewey Decimal Classification     General Inventariado 2017 Bogotá Bogotá 24/09/2013 Instituto 15000.00 2 LB-591.76 D54f 058489 20/03/2015 Ej. 1 24/09/2013   Libro 20/03/2015
    Dewey Decimal Classification     General Inventariado 2017 Sala Fabio Quevedo Sala Fabio Quevedo 22/03/2005 Instituto 15000.00   LB-591.76 D54f 017590 04/12/2012 Ej.4 04/12/2012 Donación Libro  
    Dewey Decimal Classification     General Inventariado 2017 Sala Fabio Quevedo Sala Fabio Quevedo 24/09/2013 Instituto 15000.00   LB-591.76 D54f 029519 13/12/2013 Ej. 2 24/09/2013   Libro